| 000 | 00741nam a22002294a 4500 | ||
|---|---|---|---|
| 001 | ESSALUD | ||
| 007 | ta | ||
| 008 | t2015 pe gr 00| 0 spa d | ||
| 040 | _aESSALUD | ||
| 041 | _aspa | ||
| 043 | _cpe | ||
| 082 |
_a657.3 _bE73E/2013-2014 |
||
| 110 |
_aEspinoza y Asociados auditores consultores _eautor _952885 |
||
| 245 | _aInforme N° 073-2015 : Seguro Social de Salud - EsSalud y subsidiarias; estados financieros consolidados al 31 de diciembre de 2014 y al 31 de diciembre de 2013 | ||
| 250 | _a1 ed. | ||
| 260 |
_aLima : _bEspinoza y Asociados, _c2015 |
||
| 300 | _a63 páginas | ||
| 650 |
_aESTADOS FINANCIEROS _93290 |
||
| 650 |
_aSEGURIDAD SOCIAL _92070 |
||
| 650 |
_aPERÚ _913 |
||
| 942 |
_cBK _e2026-06-24 _zAFC |
||
| 999 |
_c22552 _d22552 |
||